Sustainability for kids. (Record no. 60932)

MARC details
000 -LEADER
fixed length control field 00709cam a2200205 4500
001 - CONTROL NUMBER
control field ABS61220
008 - FIXED-LENGTH DATA ELEMENTS--GENERAL INFORMATION
fixed length control field 000000n1999 000 0 eng u
035 ## - SYSTEM CONTROL NUMBER
System control number (Sirsi) u101820
100 ## - MAIN ENTRY--PERSONAL NAME
Personal name Blyth, A.
245 ## - TITLE STATEMENT
Title Sustainability for kids.
260 ## - PUBLICATION, DISTRIBUTION, ETC.
Date of publication, distribution, etc. 1999
490 ## - SERIES STATEMENT
Series statement Building Services Journal
Volume/sequential designation 21(9) September 1999, 18-22(5)
520 ## - SUMMARY, ETC.
Summary, etc. Building study of Notley Green School, Essex, a primary school which is designed for sustainability within a limited budget. Gives energy specification and brief cost breakdown.
650 ## - SUBJECT ADDED ENTRY--TOPICAL TERM
Topical term or geographic name entry element SUSTAINABLE BUILDINGS
650 ## - SUBJECT ADDED ENTRY--TOPICAL TERM
Topical term or geographic name entry element PRIMARY SCHOOLS
650 ## - SUBJECT ADDED ENTRY--TOPICAL TERM
Topical term or geographic name entry element SUSTAINABLE DESIGN
650 ## - SUBJECT ADDED ENTRY--TOPICAL TERM
Topical term or geographic name entry element ENERGY EFFICIENCY
690 ## - LOCAL SUBJECT ADDED ENTRY--TOPICAL TERM (OCLC, RLIN)
Topical term or geographic name as entry element Environment
9 (RLIN) 6238
942 ## - ADDED ENTRY ELEMENTS (KOHA)
Suppress in OPAC 0
Holdings
Withdrawn status Lost status Source of classification or shelving scheme Damaged status Not for loan Home library Current library Shelving location Date acquired Total Checkouts Full call number Barcode Date last seen Copy number Price effective from Koha item type
    Dewey Decimal Classification     London London Journal article 11/11/1999   ABS61220 101820-1001 06/08/2019 1 06/08/2019 Journal article